000 00472nam a22001697a 4500
003 OSt
005 20140310182214.0
008 130906t xxu||||| |||| 00| 0 eng d
050 _aHQ 789
_b.C766 1991
082 _aHS 362.72
_bC76 1991
245 _aConvention on the right of the child /
260 _aNew York :
_bUnited Nations Reproduction Section,
_c1991.
300 _a54 p. ;
_bill. ;
_c22 cm.
650 _aLaw
_xchild
_916911
942 _2lcc
_cHS
999 _c10543
_d10543